Countries of Eastern Europe - Statistics

General Stats
  • This quiz has been taken 26 times
  • The average score is 4 of 5
Answer Stats
Answer % Correct
Ukraine
96%
Slovakia
87%
Moldova
83%
Hungary
78%
Poland
78%
No matching quizzes found
Score Distribution
Percent of People with Each Score
Percentile by Number Answered
Your Score History
You have not taken this quiz